| 000 | 00818cam a22002535a 4500 | ||
|---|---|---|---|
| 001 | 15278335 | ||
| 005 | 20161115105624.0 | ||
| 008 | 080426s2009 nyu 000 0 eng | ||
| 010 | _a 2008928021 | ||
| 020 | _a9781848001206 (softcover) | ||
| 040 |
_aDLC _cDLC |
||
| 082 |
_222 _a005.13 _bPAR |
||
| 100 | 1 |
_aParkes, Alan P. _93447 |
|
| 245 | 1 | 2 |
_aA concise introduction to languages and machines / _cAlan P. Parkes. |
| 260 |
_aLondon : _bSpringer, _cc2008. |
||
| 300 |
_avii, 341 p. : _bill.; _c24 cm. |
||
| 440 | 0 |
_aUndergraduate topics in computer science _93448 |
|
| 504 | _aIncludes bibliographical references and index | ||
| 650 | 1 |
_aProgramming languages _93449 |
|
| 650 | 1 |
_aMachine theory. _93450 |
|
| 650 | 1 |
_93451 _aFormal languages |
|
| 942 |
_2ddc _cBB |
||
| 999 |
_c11245 _d11245 |
||